| 000 | 00575nam a2200229Ia 4500 | ||
|---|---|---|---|
| 008 | 160303s9999 xx 000 0 und d | ||
| 020 | _a0-415-23682-7 | ||
| 050 | _aMAIN NX 760 | ||
| 050 | _b.C56 2002 | ||
| 100 | _aChong, Derrick | ||
| 245 | _aArts management / | ||
| 245 | _cDerrick Chong. | ||
| 260 | _aLondon : | ||
| 260 | _bRoutledge. | ||
| 260 | _c2002 | ||
| 300 | _a156 pages : | ||
| 300 | _billustrations (some color) ; | ||
| 300 | _c24 cm. | ||
| 500 | _aIncludes bibliographical references and index. | ||
| 650 | _aArts -- | ||
| 650 | _xManagement. | ||
| 999 |
_c291101 _d291101 |
||